00876nam a22002537a 450000500170000001000130001702000180003003500130004803700160006104000120007708200170008910000240010624501120013026000410024227000500028330000240033350000190035765000240037665000250040070000230042594200260044899900190047495201290049320170124105913.0 aB-031160 a817391382c00 aB-031160 bCen Lib/Ret aDPLbEN a332.645bSIN aSingh, H. K. 91288 aMutual funds and indian capital market :bperformance and profitability /cby H. K. Singh [and] Meera Singh aNew DelhibKanishka Publishersc2001 a4697/5-21, ansari road dariya ganjbNew Delhi avi, 223p.c21cm(Hb) aIncludes index aMutual funds 91289 aGloblizations 91290 aSingh, Meera91293 2ddccENh332.645mSIN c122637d122637 001040718REFaLbLd2015-05-28eCen Lib/Retg0.00l0o332.645 SINpB-031160r2015-05-28 00:00:00t1v0.00w2016-09-15yEN